¿Dónde están las llaves? (Record no. 4778)

MARC details
000 -CABECERA
campo de control de longitud fija 02545nam a2200265 i 4500
001 - NÚMERO DE CONTROL
campo de control Rebiun36132221
008 - DATOS DE LONGITUD FIJA--INFORMACIÓN GENERAL
campo de control de longitud fija 240823s2023 spc|||| |||| 0|0 0 spa|
015 ## - NÚMERO DE BIBLIOGRAFÍA NACIONAL
Número de bibliografía nacional LL2024
Fuente bnc
017 ## - NÚMERO DE COPYRIGHT O DE DEPÓSITO LEGAL
Número de copyright o de depósito legal DL B 5218-2023,
Agencia que asigna Biblioteca de Catalunya
020 ## - NÚMERO INTERNACIONAL ESTÁNDAR DEL LIBRO
Número Internacional Estándar del Libro 9788408273486
040 ## - FUENTE DE LA CATALOGACIÓN
Centro catalogador/agencia de origen ES-BaBC
Lengua de catalogación Spanish
Normas de descripción rda
Centro/agencia transcriptor ES-BaBC
041 ## - CÓDIGO DE LENGUA
Código de lengua del texto/banda sonora o título independiente Spanish
100 ## - ENTRADA PRINCIPAL--NOMBRE DE PERSONA
Nombre de persona Martínez-Horta, Saul
Término indicativo de función/relación author
9 (RLIN) 25539
245 10 - MENCIÓN DE TÍTULO
Título ¿Dónde están las llaves?
Mención de responsabilidad, etc. / Saul Martínez-Horta
250 ## - MENCIÓN DE EDICIÓN
Mención de edición First edition
264 #1 - PRODUCCIÓN, PUBLICACIÓN, DISTRIBUCIÓN, FABRICACIÓN Y COPYRIGHT
Producción, publicación, distribución, fabricación y copyright Barcelona :
Nombre del de productor, editor, distribuidor, fabricante GeoPlaneta,
Fecha de producción, publicación, distribución, fabricación o copyright 2023
300 ## - DESCRIPCIÓN FÍSICA
Extensión 293 pages ;
Dimensiones 23 cm
490 ## - MENCIÓN DE SERIE
Mención de serie GeoPlaneta ciencia
520 ## - SUMARIO, ETC.
Sumario, etc. En esta obra, el autor nos sumerge en los misterios de la vida cotidiana, ofreciendo explicaciones neuropsicológicas a situaciones que todos hemos experimentado alguna vez. El libro aborda fenómenos como los olvidos involuntarios, los lapsus, las pasiones desbordadas, las fobias, las manías e incluso experiencias que podrían considerarse «extrañas», como las apariciones o las alucinaciones.<br/><br/>Saúl Martínez-Horta, neuropsicólogo, adopta una mirada científica para explorar y comprender cómo funciona nuestro cerebro en el día a día. A lo largo de estas páginas, los lectores se embarcarán en un viaje fascinante por la mente humana, desentrañando los enigmas que rodean nuestras acciones y pensamientos más comunes.<br/><br/>Con un enfoque claro, riguroso y accesible, el autor nos invita a reflexionar sobre la extraordinaria complejidad de nuestro órgano más enigmático: el cerebro.
520 ## - SUMARIO, ETC.
Sumario, etc. In this compelling work, the author invites us to delve into the mysteries of everyday life, offering neuropsychological explanations for situations we all experience at some point. Why do we suddenly forget things? What lies behind slips of the tongue, phobias, or overwhelming passions? How can we make sense of compulsions—or even seemingly inexplicable experiences like hallucinations or apparitions?<br/><br/>Saúl Martínez-Horta, a neuropsychologist, approaches these phenomena with scientific rigour and a clear, engaging style. Throughout these pages, he takes readers on a fascinating journey through the workings of the human brain, unravelling the enigmas behind our most common thoughts, actions, and emotions.<br/><br/>Blending science with curiosity and reflection, this book invites us to better understand—and marvel at—the complexity of the most mysterious organ in our body: the brain.
650 #0 - PUNTO DE ACCESO ADICIONAL DE MATERIA--TÉRMINO DE MATERIA
Término de materia o nombre geográfico como elemento de entrada Brain
9 (RLIN) 9635
650 #0 - PUNTO DE ACCESO ADICIONAL DE MATERIA--TÉRMINO DE MATERIA
Término de materia o nombre geográfico como elemento de entrada Neuropsychology
9 (RLIN) 11662
650 #0 - PUNTO DE ACCESO ADICIONAL DE MATERIA--TÉRMINO DE MATERIA
Término de materia o nombre geográfico como elemento de entrada Memory
9 (RLIN) 9634
942 ## - ELEMENTOS DE ENTRADA AGREGADA (KOHA)
Fuente del sistema de clasificación o colocación Clasificación de Library of Congress
Holdings
Estado de retiro Estado de pérdida Fuente del sistema de clasificación o colocación Estado dañado No para préstamo Biblioteca de origen Biblioteca actual Fecha de adquisición Total de préstamos Signatura topográfica completa Código de barras Fecha visto por última vez Número de copia Precio válido a partir de Tipo de ítem Koha Nota pública
    Clasificación de Library of Congress     TBS Barcelona TBS Barcelona 19/06/2025   QP376 MAR B05825 19/06/2025 1 19/06/2025 Book WELL COLLECTION

Powered by Koha